Normal view
MARC view
Entry Personal Name
001 - CONTROL NUMBER
- control field: 46337
003 - CONTROL NUMBER IDENTIFIER
- control field: OSt
005 - DATE AND TIME OF LATEST TRANSACTION
- control field: 20160315173524.0
008 - FIXED-LENGTH DATA ELEMENTS
- fixed length control field: 160315|| aca||aabn | a|a d
040 ## - CATALOGING SOURCE
- Original cataloging agency: OSt
- Transcribing agency: OSt
100 ## - HEADING--PERSONAL NAME
- Personal name: हरिश्चन्द्र प्रिंसिपल
670 ## - SOURCE DATA FOUND
- Source citation: Work cat.: (OSt)23313: हरिश्चन्द्र प्रिंसिपल , हमारे बापू, 1948









